Normal view
MARC view
- Encyclopedia Language Teaching and Learning
Entry Topical Term
001 - CONTROL NUMBER
- control field: 2287
003 - CONTROL NUMBER IDENTIFIER
- control field: JO-AjAnu
005 - DATE AND TIME OF LATEST TRANSACTION
- control field: 20230606070658.0
008 - FIXED-LENGTH DATA ELEMENTS
- fixed length control field: 230606|| aca||aabn | a|a d
040 ## - CATALOGING SOURCE
- Original cataloging agency: JO-AjAnu
- Transcribing agency: JO-AjAnu
150 ## - HEADING--TOPICAL TERM
- Topical term or geographic name entry element: Encyclopedia Language Teaching and Learning
670 ## - SOURCE DATA FOUND
- Source citation: Work cat.: (JO-AjAnu)1196: edited, michael byram, author 2286, Routledge Encyclopedia of Language Teaching and Learning